|
|
|
|
| LEADER |
00000nam a2200000 a 4500 |
| 001 |
vtls010603511 |
| 003 |
SK-MaSNL |
| 005 |
20260301143819.0 |
| 007 |
co cg muuua |
| 008 |
160429s2014 xo | fsp 000 0 slo |
| 015 |
|
|
|a SNBS2015
|
| 020 |
|
|
|a 9788055316611 (elektronická kniha)
|
| 040 |
|
|
|a SNK
|b slo
|c SNK
|e AACR2
|
| 041 |
0 |
|
|a slo
|
| 044 |
|
|
|a xo
|c SK
|
| 072 |
|
7 |
|a 004
|x Počítačová veda. Výpočtová technika. Informačné technológie
|2 konspekt
|
| 072 |
|
7 |
|a 004.7
|x Počítačové siete
|2 konspekt
|
| 080 |
|
|
|a 004.42
|2 2001
|
| 080 |
|
|
|a 004.7
|2 2001
|
| 080 |
|
|
|a (07)
|2 2001
|
| 080 |
|
|
|a (0.034.44)
|2 2001
|
| 245 |
0 |
0 |
|a Úvod do programovania a sietí
|h elektronický zdroj
|b návody na cvičenia
|c Sobota Branislav ... [et al.]
|
| 250 |
|
|
|a 1. vyd.
|
| 260 |
|
|
|a V Košiciach
|b Technická univerzita
|c 2014
|
| 300 |
|
|
|a 1 elektronický optický disk (CD-ROM)
|b fareb.
|c 12 cm
|
| 500 |
|
|
|a Názov z titulnej obrazovky
|
| 504 |
|
|
|a Bibliogr. odkazy
|
| 516 |
|
|
|a Textový dokument (učebnica), súbory vo formáte html, pdf
|
| 538 |
|
|
|a Technické požiadavky: internetový prehliadač, PDF prehliadač
|
| 650 |
0 |
7 |
|a počítačové programovanie
|2 SNKPH
|9 1224
|
| 650 |
0 |
7 |
|a počítačové siete
|2 SNKPH
|9 703
|
| 650 |
0 |
7 |
|a Computer programming
|2 SNKPHeng
|9 437364
|
| 650 |
0 |
7 |
|a Computer networks
|2 SNKPHeng
|9 274754
|
| 655 |
|
7 |
|a elektronické zdroje
|2 SNKPH
|9 90954
|
| 655 |
|
7 |
|a CD-ROM
|2 SNKPH
|9 70236
|
| 655 |
|
7 |
|a učebné texty
|2 SNKPH
|9 70568
|
| 655 |
|
7 |
|a Educational texts
|2 SNKPHeng
|9 277375
|
| 655 |
|
7 |
|a Electronic resources
|2 SNKPHeng
|9 175546
|
| 700 |
1 |
|
|a Sobota, Branislav,
|d 1967-
|4 aut
|9 223840
|
| 700 |
1 |
|
|a Paralič, Marek
|4 aut
|9 319285
|
| 700 |
1 |
|
|a Korečko, Štefan,
|d 1978-
|4 aut
|9 111354
|
| 700 |
1 |
|
|a Steingartner, William
|4 aut
|9 338387
|
| 752 |
|
|
|a Slovensko
|d Košice
|
| 919 |
|
|
|a 978-80-553-1661-1
|
| 958 |
|
|
|a NB
|
| 999 |
|
|
|c 774939
|d 776869
|
| 952 |
|
|
|a SNK
|b SNK
|y PREZ
|7 0
|p 17A1111985
|o snkSCDM 6640
|i snk2014/13822
|8 0
|0 0
|1 0
|4 0
|d 2014-06-16
|l 0
|r 2026-02-24 00:46:49
|w 2026-02-24
|